Previous Club -- Manchester United Players - Statistics

General Stats
  • This quiz has been taken 28 times
  • The average score is 16 of 22
Answer Stats
Hint Answer % Correct
Mason Mount Chelsea
100%
Casemiro Real Madrid
100%
Bruno Fernandes Sporting CP
100%
Bryan Mbeumo Brentford
96%
Harry Maguire Leicester City
96%
Matheus Cunha Wolverhampton
96%
Matthijs de Ligt Bayern Munchen
84%
Manuel Ugarte Paris Saint-Germain
84%
Benjamin Sesko RB Leipzig
84%
Lisandro Martinez AFC Ajax
80%
Noussair Mazraoui Bayern Munchen
80%
Joshua Zirkzee Bologna
80%
Leny Yoro Lille
80%
Senne Lammens Royal Antwerp
60%
Luke Shaw Southampton
60%
Tyrell Malacia PSV Eindhoven
56%
Amad Diallo Sunderland
48%
Diogo Dalot AC Milan
44%
Altay Bayindir Fenerbahce
40%
Patrick Dorgu Lecce
36%
Tom Heaton Aston Villa
28%
Harley Emsden-James Southampton
28%
No matching quizzes found
Score Distribution
Percent of People with Each Score
Percentile by Number Answered
Your Score History
You have not taken this quiz